| 000 | 00596nam a2200241Ia 4500 | ||
|---|---|---|---|
| 003 | OSt | ||
| 005 | 20221005132633.0 | ||
| 006 | a|||||r|||| 00| 0 | ||
| 007 | ta | ||
| 008 | 221004b |||||||| |||| 00| 0 eng d | ||
| 024 | _a40568 | ||
| 037 | _cTextual | ||
| 040 |
_aCRL _cCRL _beng |
||
| 041 |
_2eng _aeng |
||
| 082 | _aO:6M961:1, J6 | ||
| 100 | _aBlunden Edmund | ||
| 245 | 0 | _aUndertones of war | |
| 260 | _c1956 | ||
| 490 | _aWorld's classics; 553 | ||
| 650 | _aENGLISH LITERATURE | ||
| 942 |
_hO:6M961:1, J6 _cTEXL _2cc |
||
| 999 |
_c1064289 _d1064289 |
||